[Event "AUTO-OPEN-800"]
[Site "http://www.queenalice.com/game.php?id=260221"]
[Date "2007.8.23"]
[Round "1"]
[White "Mario_"]
[Black "Crumbnick"]
[Result "0-1"]
[WhiteElo "1383"]
[BlackElo "1720"]

1. d3 e5 2. Bg5 Qxg5 3. Nf3 Qf6 4. Qd2 e4 5. Qc3 Qxc3+ 6. Nxc3 exf3 7. gxf3 Nf6
8. a3 d5 9. b4 c5 10. bxc5 Bxc5 11. Bg2 Nc6 12. f4 Be6 13. e3 d4 14. Na4 Bd6 15.
Rb1 O-O-O 16. exd4 Bd5 17. Rg1 Nxd4 18. c4 Bxg2 19. Rxg2 Rhe8+ 20. Kf1 Nf3 21.
Rxg7 Nd2+ 22. Kg1 Nxb1 23. Rxf7 Re1+ 24. Kg2 Rg8+ 25. Kf3 Nd2# 0-1

[Event "AUTO-OPEN-800"]
[Site "http://www.queenalice.com/game.php?id=260233"]
[Date "2007.8.23"]
[Round "1"]
[White "Mario_"]
[Black "trallala"]
[Result "0-1"]
[WhiteElo "1361"]
[BlackElo "2092"]

1. d4 f5 2. Bf4 Nf6 3. f3 g6 4. h4 d6 5. e3 Bg7 6. Qd3 O-O 7. Qc4+ e6 8. Qb5 a6
9. Qb3 Nc6 10. c3 Kh8 11. a3 e5 12. dxe5 dxe5 13. Bg5 Qd6 14. Nd2 Be6 15. Nc4
Qc5 16. Qxb7 Bxc4 17. Qxc7 Bxf1 18. Kxf1 Rac8 19. Qb7 Qc4+ 20. Ne2 Rb8 21. Qc7
Rfc8 22. Qd6 Rd8 23. Qc7 Rd7 24. Qxd7 Nxd7 25. g3 Rxb2 26. Re1 Nc5 27. Kg2 Rxe2+
28. Rxe2 Qxe2+ 29. Kh3 Qxf3 30. Rh2 Ne4 31. h5 Qxg3# 0-1

[Event "Challenge"]
[Site "http://www.queenalice.com/game.php?id=260294"]
[Date "2007.8.23"]
[Round "-"]
[White "Mario_"]
[Black "Am0n"]
[Result "1-0"]
[WhiteElo "1361"]
[BlackElo "1503"]

1. d3 e5 2. Nf3 Nh6 3. Nxe5 Qf6 4. Nf3 Ng4 5. Bg5 Qf5 6. Bh4 Bc5 7. c3 O-O 8. d4
Bb6 9. h3 Nh6 10. e3 Re8 11. Qb3 d6 12. Bb5 c6 13. Be2 g5 14. Bxg5 Kg7 15. Qb4
Na6 16. Qxd6 Qc2 17. Qxh6+ Kg8 18. Bf6 Qg6 19. Qf4 Bc7 20. Ne5 Qxg2 21. Rh2 Qg1+
22. Kd2 Re6 23. Bg5 Ba5 24. Bg4 f5 25. Bxf5 Bd7 26. Nxd7 Ree8 27. Nf6+ Kf8 28.
Nxh7+ Kf7 29. h4 Rad8 30. a4 Nc5 31. b4 Bxb4 32. cxb4 Nb3+ 33. Ke2 Qc1 34. Ra2
Rxd4 35. Qc7+ Kg8 36. Nf6+ Kf8 37. Bh6# 1-0

[Event "AUTO-OPEN-841"]
[Site "http://www.queenalice.com/game.php?id=276538"]
[Date "2007.9.24"]
[Round "1"]
[White "Mario_"]
[Black "rycaom"]
[Result "1-0"]
[WhiteElo "1394"]
[BlackElo "1150"]

1. e3 e6 2. Bc4 d5 3. Bb5+ c6 4. Ba4 b5 5. Bb3 f5 6. Nc3 Nd7 7. Nh3 h5 8. d4 g6
9. f4 Ba6 10. g3 Ngf6 11. Qe2 Nb6 12. Ng5 Bc8 13. h4 Nfd7 14. Nxe6 Qe7 15. Nc7+
Kd8 16. Nxa8 Nxa8 17. Bd2 Bb7 18. O-O-O c5 19. Qg2 c4 20. Nxd5 Bxd5 21. Qxd5 Nc7
22. Qc6 a6 23. Ba5 Qxe3+ 24. Rd2 Qxg3 25. Re2 Bh6 26. Qxc7# 1-0

[Event "AUTO-OPEN-841"]
[Site "http://www.queenalice.com/game.php?id=276539"]
[Date "2007.9.24"]
[Round "1"]
[White "rycaom"]
[Black "Mario_"]
[Result "1-0"]
[WhiteElo "1150"]
[BlackElo "1472"]

1. e3 d5 2. d4 Bf5 3. Na3 c6 4. g4 Bg6 5. Nf3 e6 6. Ne5 Be4 7. Rg1 b5 8. c3 g6
9. c4 bxc4 10. f3 Bb4+ 11. Bd2 Be7 12. fxe4 dxe4 13. Bxc4 Qc7 14. Qc1 f5 15.
Bxe6 Qd6 16. Bf7+ Kf8 17. Nac4 fxg4 18. Nxd6 Bxd6 19. Nxc6 Nxc6 20. Qxc6 Rd8 21.
Qxe4 Kxf7 22. Rf1+ Nf6 23. Qb7+ Be7 24. Bb4 Rhe8 25. Qxa7 Rd7 26. Qxd7 Kf8 27.
Rxf6+ Kg8 28. Qxe8+ Kg7 29. Bxe7 Kh6 30. Bf8+ Kg5 31. Rf4 Kh4 32. Kf2 Kh3 33.
Rh1 g5 34. Qh5# 1-0

[Event "AUTO-OPEN-841"]
[Site "http://www.queenalice.com/game.php?id=276542"]
[Date "2007.9.24"]
[Round "1"]
[White "Mario_"]
[Black "enzoiazo"]
[Result "0-1"]
[WhiteElo "1429"]
[BlackElo "2037"]

1. d4 Nf6 2. Bf4 d5 3. e3 Bf5 4. Bb5+ c6 5. Ba4 e6 6. Nf3 Bd6 7. g3 Bxf4 8. gxf4
Qa5+ 9. Nc3 Ne4 10. Bb3 Nxc3 11. bxc3 Qxc3+ 12. Kf1 Bg4 13. h3 Bxf3 14. Qxf3
Qxa1+ 15. Kg2 Qc3 16. Qg4 O-O 17. a4 Nd7 18. f5 Nf6 19. Qf4 c5 20. dxc5 Qxc5 21.
fxe6 fxe6 22. c4 dxc4 23. Qxc4 Qxc4 24. Bxc4 Nd5 25. Rb1 b6 26. e4 Nf4+ 27. Kh2
Rac8 28. Ba2 Rc2 29. Bb3 Rxf2+ 30. Kg3 Ne2+ 31. Kg4 Rg2+ 32. Kh4 g5+ 33. Kh5
Nf4+ 34. Kh6 Rf6# 0-1

[Event "AUTO-OPEN-841"]
[Site "http://www.queenalice.com/game.php?id=276543"]
[Date "2007.9.24"]
[Round "1"]
[White "enzoiazo"]
[Black "Mario_"]
[Result "1-0"]
[WhiteElo "1947"]
[BlackElo "1368"]

1. d4 e6 2. Nf3 Bd6 3. e4 Nc6 4. Bd3 Qf6 5. e5 Nxe5 6. dxe5 Qd8 7. exd6 cxd6 8.
O-O b6 9. Bg5 f6 10. Bd2 e5 11. Be4 Rb8 12. Nc3 g5 13. Nxg5 h6 14. Qh5+ Ke7 15.
Qf7# 1-0

[Event "AUTO-OPEN-915"]
[Site "http://www.queenalice.com/game.php?id=310064"]
[Date "2007.11.26"]
[Round "1"]
[White "superhomem222"]
[Black "Mario_"]
[Result "1-0"]
[WhiteElo "1330"]
[BlackElo "1351"]

1. b3 d5 2. e3 e6 3. Bb2 c6 4. g4 Na6 5. h3 b5 6. Nf3 Nf6 7. Nd4 c5 8. Nxb5 Bd6
9. Qf3 Bb8 10. g5 Nd7 11. Bxg7 Rg8 12. Bh6 Rxg5 13. Bxg5 1-0

[Event "AUTO-OPEN-915"]
[Site "http://www.queenalice.com/game.php?id=310065"]
[Date "2007.11.26"]
[Round "1"]
[White "Mario_"]
[Black "superhomem222"]
[Result "0-1"]
[WhiteElo "1391"]
[BlackElo "1100"]

1. c4 e6 2. b3 g6 3. Nf3 b6 4. Bb2 d6 5. Bxh8 f6 6. Nc3 Nc6 7. d4 Ba6 8. e3 Nh6
9. g3 Be7 10. Bh3 g5 11. Qc2 Kd7 12. Qxh7 Nf7 0-1

[Event "AUTO-OPEN-915"]
[Site "http://www.queenalice.com/game.php?id=310090"]
[Date "2007.11.26"]
[Round "1"]
[White "yorkrunnerxctrack"]
[Black "Mario_"]
[Result "1-0"]
[WhiteElo "1504"]
[BlackElo "1327"]

1. e4 c5 2. Bc4 d6 3. Nc3 b6 4. Bd5 Nc6 5. Bxc6+ Bd7 6. Bxa8 Qxa8 7. Nf3 f6 8.
d3 g5 9. d4 cxd4 10. Qxd4 Nh6 11. Bxg5 e5 12. Qe3 fxg5 13. Qxg5 Rg8 14. Qh5+ Rg6
15. Nd5 Qc8 16. Nf6+ Kd8 17. Nxh7 Rf6 18. Nxf6 Qxc2 19. O-O Bb5 20. Rac1 Qxb2
21. Nh7 Bg7 22. Qg5+ Kd7 23. Qxg7+ Ke6 24. Qf6+ 1-0

[Event "AUTO-OPEN-915"]
[Site "http://www.queenalice.com/game.php?id=310091"]
[Date "2007.11.26"]
[Round "1"]
[White "Mario_"]
[Black "yorkrunnerxctrack"]
[Result "0-1"]
[WhiteElo "1424"]
[BlackElo "1300"]

1. c4 Nc6 2. d3 e5 3. Nf3 Nf6 4. g3 d5 5. Bg5 dxc4 6. dxc4 Qxd1+ 7. Kxd1 Bg4 8.
Nh4 Ne4 9. f3 Nxg5 10. fxg4 O-O-O+ 11. Nd2 Ne4 12. Nf3 Bb4 13. Ke1 Nd4 14. a3
Bc5 15. Nxe4 Nc2# 0-1

[Event "AUTO-BEG-160"]
[Site "http://www.queenalice.com/game.php?id=310697"]
[Date "2007.11.26"]
[Round "1"]
[White "ABLANCO"]
[Black "Mario_"]
[Result "1-0"]
[WhiteElo "1137"]
[BlackElo "1287"]

1. e4 c5 2. c4 d6 3. d3 g6 4. Bf4 b6 5. Nc3 e5 6. Bg3 Nc6 7. Nd5 f6 8. Qa4 Bd7
9. Qa6 h6 10. Nf3 g5 11. a3 Bc8 12. Qa4 a5 13. Qxc6+ Bd7 14. Qxb6 Ne7 15. Qxd6
Nc8 16. Qxf6 Qxf6 17. Nxf6+ Ke7 18. Nxd7 Kxd7 19. Be2 Rb8 20. Nxe5+ 1-0

[Event "AUTO-BEG-160"]
[Site "http://www.queenalice.com/game.php?id=310698"]
[Date "2007.11.26"]
[Round "1"]
[White "Mario_"]
[Black "ABLANCO"]
[Result "0-1"]
[WhiteElo "1316"]
[BlackElo "1107"]

1. f4 d5 2. e3 Nc6 3. d4 f5 4. Qh5+ g6 5. Qf3 Nb4 6. c3 Nc2+ 7. Kd2 Nxa1 8. Kd1
e6 9. Qe2 Nf6 10. Na3 h5 11. Bd2 Ng4 12. Kc1 Qd7 13. Qd1 Nf2 14. Qe1 Nxh1 15.
Kb1 Be7 16. Kxa1 Bf6 17. Bb5 c6 18. Ba4 Qe7 19. Nf3 b5 20. Bc2 a5 0-1

[Event "AUTO-BEG-160"]
[Site "http://www.queenalice.com/game.php?id=310707"]
[Date "2007.11.26"]
[Round "1"]
[White "LeoneAraujo"]
[Black "Mario_"]
[Result "0-1"]
[WhiteElo "1272"]
[BlackElo "1253"]

1. e4 c5 2. Nf3 d6 3. d4 Qa5+ 4. Nc3 Nc6 5. dxc5 dxc5 6. Bd2 e5 7. Nd5 Qa4 8.
Nc7+ Kd8 9. Nxa8 Qxe4+ 10. Be3+ Bd7 11. Bd3 Qg4 12. h3 Qxg2 13. Rg1 Qxh3 0-1

[Event "AUTO-BEG-160"]
[Site "http://www.queenalice.com/game.php?id=310708"]
[Date "2007.11.26"]
[Round "1"]
[White "Mario_"]
[Black "LeoneAraujo"]
[Result "1-0"]
[WhiteElo "1270"]
[BlackElo "1255"]

1. c4 Nf6 2. d3 c5 3. f4 d6 4. Nc3 e6 5. g3 Nc6 6. b3 Be7 7. Nf3 O-O 8. Bh3 d5
9. cxd5 Nxd5 10. Bb2 Ne3 11. Qd2 Nd4 12. Qxe3 Nc2+ 13. Kf2 1-0